000 00719nam a2200289Ia 4500
005 20260324141834.0
008 008 260324s9999 xx 000 0 eng d
020 _a9780203759509
037 _aEBOOK
040 _aCRL
040 _beng
040 _cCRL
041 _2eng
041 _aeng
084 _qCRL
100 _aP. Graves-Brown; Sian Jones; C.S. Gamble
_91209714
245 0 _aCultural Identity and Archaeology
245 4 _bThe Construction of European Communities
260 _bTaylor and Francis
260 _c1996
365 _a
365 _b230
856 _uhttp://www.taylorfrancis.com/books/9780203759509
942 _cEBOOK
999 _c1813212
_d1813212